Toán kinh tế phổ thông; T1: Lý thuyết và ứng dụng của qui hoạch toán học trong toán kinh tế

Gespeichert in:
Bibliographische Detailangaben
1. Verfasser: Đỗ Hoàng Toàn
Format: Buch
Sprache:Undetermined
Veröffentlicht: Hà Nội ĐH và THCN 1977
Schlagworte:
Tags: Tag hinzufügen
Keine Tags, Fügen Sie den ersten Tag hinzu!
Thư viện lưu trữ: Trung tâm Học liệu Trường Đại học Cần Thơ
LEADER 00578nam a2200169Ia 4500
001 CTU_5470
008 210402s9999 xx 000 0 und d
082 |a 330.1543 
082 |b T406/T1 
100 |a Đỗ Hoàng Toàn 
245 0 |a Toán kinh tế phổ thông; T1: Lý thuyết và ứng dụng của qui hoạch toán học trong toán kinh tế 
245 0 |c Đỗ Hoàng Toàn 
260 |a Hà Nội 
260 |b ĐH và THCN 
260 |c 1977 
650 |a economics, mathematical 
980 |a Trung tâm Học liệu Trường Đại học Cần Thơ